000 00826cam a2200265 i 4500
001 326338
003 PILC
005 20150824073520.0
008 750728s1975 nju 000 0 eng
010 _a 75005498
020 _a0136867332 :
_c$6.95
020 _a971081463x
040 _aDLC
_cDLC
_dDLC
050 0 0 _aBJ 1581.2
_b.P4 1975
082 0 0 _a170
100 1 _aPeale, Norman Vincent,
_d1898-1993.
245 1 0 _aPositive thinking for a time like this /
_cNorman Vincent Peale.
250 _aRevision and condensation.
260 _aEnglewood Cliffs, N.J. :
_bPrentice-Hall,
_c1975.
300 _a192 pages ;
_c22 cm.
500 _aFirst published in 1961 under title: The tough-minded optimist.
650 0 _aConduct of life.
906 _a7
_bcbc
_corignew
_d2
_eocip
_f19
_gy-gencatlg
942 _2lcc
_cBK
_kFOR
999 _c288428
_d288428